Plan de los 200 días lectivos del Ministerio de Educación Pública de Costa Rica: adecuaciones curriculares /

Podrobná bibliografie
Hlavní autor: Obando Leiva, Wendy
Médium: Kniha
Jazyk:španělština
Vydáno: San José, Costa Rica : INIE. MEP. Instituto de Desarrollo Profesional Uladislao Gámez Solano, 2012
Témata:

MARC

LEADER 00000nam a2200000Ia 4500
008 171211b2012 cr ||||| |||| 00| 0 spa d
999 |c 1493  |d 1493 
090 |a 06.02.01   |b 2001 (2012) 
100 1 |a Obando Leiva, Wendy  |9 3319 
245 |a Plan de los 200 días lectivos del Ministerio de Educación Pública de Costa Rica: adecuaciones curriculares /   |c Wendy Obando Leiva, compiladora 
260 |a San José, Costa Rica :   |b INIE. MEP. Instituto de Desarrollo Profesional Uladislao Gámez Solano,   |c 2012 
300 |a 61 páginas 
650 1 4 |a CAPACITACIÓN  |9 729 
650 1 4 |a DOCENTES  |9 331 
942 |i 00838   |h 06.02.01 2001 (2012)  |2 z  |c 04